000 00286nam a22001337a 4500
008 181008b xxu||||| |||| 00| 0 eng d
020 _a0198246234
041 _aeng
080 _a370
100 _a47
101 _aEDU
245 _aThe English Decive
_cHoward.W
942 _2udc
_cBK
999 _c49052
_d49052